Rok v lese. Uspávanka /

Uloženo v:
Hlavní autor: Plebański, Tomasz (Autor)
Další autoři: Dziubak, Emilia, 1982- (Autor), Alexa, Michael, 1989- (Ilustrátor)
Médium: Kniha
Jazyk:Czech
Vydáno: Brno : Host, 2026
Vydání:První vydání
Celkem bylo vypůjčeno:0x
Tagy:
Žádné tagy
LEADER 01372nam a2200397 i 4500
001 106269
003 CZ PrNK
005 20260506091248.0
007 ta
008 260423s2026 xr a 000 1 cze
015 |a cnb003746057 
020 |a 9788027529308  |q (vázáno) 
040 |a ABG001  |b cze  |e rda 
041 1 |a cze  |h pol 
100 1 |a Plebański, Tomasz  |4 aut 
240 1 0 |a Zasypianka.  |l Česky 
245 1 0 |a Rok v lese.  |p Uspávanka /  |c Tomasz Plebański, Emilia Dziubaková 
246 3 0 |a Uspávanka 
250 |a První vydání 
264 1 |a Brno :  |b Host,  |c 2026 
300 |a 26 nečíslovaných stran :  |b barevné ilustrace ;  |c 17 x 20 cm 
336 |a text  |b txt  |2 rdacontent 
336 |a statický obraz  |b sti  |2 rdacontent 
337 |a bez média  |b n  |2 rdamedia 
338 |a svazek  |b nc  |2 rdacarrier 
500 |a Kartonové listy 
500 |a Text Tomasz Plebański, ilustrace Emilia Dziubaková 
500 |a Z polštiny přeložil Michael Alexa 
700 1 |a Dziubak, Emilia,  |d 1982-  |7 xx0185042  |4 ill  |9 109779 
700 1 |a Alexa, Michael,  |d 1989-  |7 pna2011655344  |4 trl  |9 30446 
710 2 |a Host (vydavatelství)  |7 ko2003163544  |4 pbl  |9 117148 
765 1 |t Rok w lesie 
910 |a UOG502 
942 |2 ddc  |c KN 
999 |d 106269 
993 |0 0  |1 421180106993  |2 ddc  |4 0  |7 0  |9 99632  |b 0  |c 106993  |d 2026-05-06  |e 0  |f M  |h 349.00  |i Koupě  |l M  |r 2026-05-06  |t 8  |w 2026-05-06  |y KN  |z LEPO  |n